000 00664nam a2200277Ia 4500
005 20260324142923.0
008 008 260324s9999 xx 000 0 eng d
020 _a9781003068068
037 _aEBOOK
040 _aCRL
040 _beng
040 _cCRL
041 _2eng
041 _aeng
084 _qCRL
100 _aPetr Vanicek; Nikolaos T. Christou
_91213731
245 0 _aGeoid and its Geophysical Interpretations
260 _bTaylor and Francis
260 _c1993
365 _a
365 _b880
856 _uhttp://www.taylorfrancis.com/books/9781003068068
942 _cEBOOK
999 _c1818503
_d1818503